History Quiz

Random History or Biography Quiz

Historical Figures: Born First Quiz Stats

 Plays Quiz Updated Aug 11, 2017

Support Sporcle.
Go Orange.
Score 0/22 Timer 05:00
1 Play Today
Person A: Born First: % Correct
Christopher Columbus???
91.3%
William Shakespeare???
90.4%
Wolfgang Amadeus Mozart???
84%
Mohandas Gandhi???
83.6%
Albert Einstein???
83.2%
Charlemagne???
83%
Catherine of Aragon???
82.4%
Pocahontas???
81.8%
Winston Churchill???
81.7%
Leonardo da Vinci???
81.6%
Muhammad Ali???
78.7%
Person A: Born First: % Correct
Franklin D. Roosevelt???
76.4%
Genghis Khan???
76.1%
Marie Curie???
74.1%
Socrates???
68.8%
Sally Ride???
68.4%
Malala Yousafzai???
66.3%
Charles Darwin???
61.7%
Julius Caesar???
60.5%
Alan Turing???
52%
Cesar Chavez???
51%
Martin Luther King Jr.???
48.8%

You're not logged in!

Compare scores with friends on all Sporcle quizzes.
OR
Log In
Forgot?

From the Vault

Highest Grossing Movies (1994)

by manonthemoon

Whoever said 1994 was a great year for movies wasn't lion.
Remove Ads.
Support Sporcle.
Get the best of Sporcle when you Go Orange. This ad-free experience offers more features, more stats, and more fun while also helping to support Sporcle. Thank you for becoming a member.

Show Comments

Extras

Top Quizzes Today


Score Distribution

Your Account Isn't Verified!

In order to create a playlist on Sporcle, you need to verify the email address you used during registration. Go to your Sporcle Settings to finish the process.

Report this User

Report this user for behavior that violates our Community Guidelines.

Details: